Offizielle Namen der Bundesländer Deutschlands - Statistiken

Allgemein
  • Dieses Quiz wurde 52 mal gespielt
  • Das Durchschnittsergebnis liegt bei 6 aus 16
Antwortstatistiken
Abk. Bundesland % Korrekt
BY Freistaat Bayern
95%
SN Freistaat Sachsen
70%
TH Freistaat Thüringen
63%
SL Saarland
50%
HE Land Hessen
35%
NW Land Nordrhein-Westfalen
33%
SH Land Schleswig-Holstein
33%
HH Freie und Hansestadt Hamburg
30%
BW Land Baden-Württemberg
30%
BB Land Brandenburg
30%
NI Land Niedersachsen
30%
RP Land Rheinland-Pfalz
30%
ST Land Sachsen-Anhalt
30%
MV Land Mecklenburg-Vorpommern
28%
HB Freie Hansestadt Bremen
25%
BE Land Berlin
25%
Keine übereinstimmenden Quizze gefunden
Verteilung der Resultate
Anzahl Personen mit jedem Resultat
Perzentil nach korrekt beantworteten Fragen
Ihre Resultats-Entwicklung
Sie haben dieses Quiz noch nicht gespielt